[Event "DEM U14 2009"]
[Site "Willingen GER"]
[Date "2009.06.02"]
[Round "5"]
[White "Pauly, Carlo"]
[Black "Davydov, Ruven"]
[Result "1-0"]
[Termination "normal"]
[Board "6"]
[WhiteElo "2025"]
[BlackElo "1914"]
[PlyCount "69"]
[WhiteFideId "24673269"]
[BlackFideId "24666068"]
[EventCountry "GER"]
[EventRounds "9"]
[EventType "swiss"]
[EventDate "2009.05.30"]

1. d4 Nf6 2. c4 g6 3. Nc3 Bg7 4. e4 d6 5. Be2 O-O 6. Bg5 h6 7. Be3 e5 8. d5 a5
9. Qd2 Kh7 10. h4 Ng4 11. Bxg4 Bxg4 12. f3 Bd7 13. h5 g5 14. g4 Na6 15. Nge2
Nc5 16. Bxc5 dxc5 17. Ng3 Bf6 18. Nf5 Bxf5 19. exf5 Be7 20. Ne4 f6 21. O-O Qd7
22. Kg2 Kg7 23. d6 Rfd8 24. Nxc5 Qxd6 25. Qxd6 Rxd6 26. Ne6+ Kf7 27. Rfd1 Raa6
28. Kf1 Rac6 29. Rxd6 cxd6 30. b3 a4 31. Ke2 axb3 32. axb3 d5 33. Ra7 dxc4 34.
Rxb7 cxb3 35. Nd8+ 1-0

[Event "DEM U14 2009"]
[Site "Willingen GER"]
[Date "2009.06.02"]
[Round "5"]
[White "Kyas, Philipp"]
[Black "Moritz, Aron"]
[Result "1-0"]
[Termination "normal"]
[Board "7"]
[WhiteElo "1921"]
[BlackElo "1983"]
[PlyCount "105"]
[WhiteFideId "24670936"]
[BlackFideId "24672319"]
[EventCountry "GER"]
[EventRounds "9"]
[EventType "swiss"]
[EventDate "2009.05.30"]

1. d4 d5 2. c4 e6 3. Nc3 Nf6 4. cxd5 exd5 5. Bg5 Nbd7 6. Qc2 Be7 7. e3 c6 8.
Bd3 O-O 9. Nge2 Re8 10. O-O Nf8 11. f3 Be6 12. Rad1 Rc8 13. Kh1 a6 14. Ng3 h6
15. Bf4 g5 16. Be5 N6d7 17. Nf5 Nxe5 18. dxe5 Bxf5 19. Bxf5 Rc7 20. f4 Bc5 21.
Ne4 Bxe3 22. Nf6+ Kg7 23. Rxd5 cxd5 24. Qxc7 Bxf4 25. Nxe8+ Qxe8 26. Re1 Qc6
27. Qa5 d4 28. Be4 Qd7 29. g3 Be3 30. Qb6 Qe6 31. Qxe6 Nxe6 32. Bxb7 Nc5 33.
Bd5 Nd3 34. Rf1 Nxe5 35. b4 f6 36. a4 d3 37. Rb1 d2 38. Bb3 Nd3 39. Bd1 Kf8 40.
Kg2 f5 41. b5 axb5 42. Rxb5 f4 43. a5 Nf2 44. Rb1 Nxd1 45. Rxd1 Ke8 46. a6 Kd8
47. Rxd2+ Kc8 48. Rb2 h5 49. gxf4 gxf4 50. Kf3 Kc7 51. Rb7+ Kc8 52. Re7 Kb8 53.
Rxe3 1-0

[Event "DEM U14 2009"]
[Site "Willingen GER"]
[Date "2009.06.02"]
[Round "5"]
[White "Marquardt, Patrick"]
[Black "Müller, Alexander"]
[Result "1/2-1/2"]
[Termination "normal"]
[Board "8"]
[WhiteElo "1986"]
[BlackElo "1961"]
[PlyCount "75"]
[WhiteFideId "4670086"]
[BlackFideId "4624696"]
[EventCountry "GER"]
[EventRounds "9"]
[EventType "swiss"]
[EventDate "2009.05.30"]

1. e4 c5 2. Nf3 e6 3. c4 Nc6 4. Nc3 d6 5. d4 cxd4 6. Nxd4 Nf6 7. Be3 a6 8. Be2
Qc7 9. O-O Bd7 10. f3 Be7 11. Qd2 Ne5 12. b3 Rc8 13. Rac1 O-O 14. Rfd1 Rfd8 15.
h3 Qb8 16. f4 Nc6 17. Nxc6 Bxc6 18. Bb6 Rd7 19. Bf3 Bd8 20. Bxd8 Rcxd8 21. Qe2
b5 22. Rd2 b4 23. Nd1 Qb7 24. Nb2 a5 25. Rcd1 a4 26. Kh2 h6 27. Kg1 Kh7 28. Qd3
Kg8 29. Qe2 Ne8 30. Kh2 Nc7 31. Nd3 Na6 32. Qe3 Qc7 33. Kh1 Qa5 34. Qf2 Kf8 35.
Kh2 Qc7 36. Kh1 Qb7 37. Qe3 Qc7 38. Qf2 1/2-1/2

[Event "DEM U14 2009"]
[Site "Willingen GER"]
[Date "2009.06.02"]
[Round "5"]
[White "Mundorf, Johannes"]
[Black "Sarchisov, Slavik"]
[Result "1-0"]
[Termination "normal"]
[Board "9"]
[WhiteElo "1688"]
[BlackElo "2058"]
[PlyCount "85"]
[WhiteFideId "24672491"]
[BlackFideId "24647888"]
[EventCountry "GER"]
[EventRounds "9"]
[EventType "swiss"]
[EventDate "2009.05.30"]

1. d4 g6 2. Nf3 Nf6 3. c4 Bg7 4. Nc3 O-O 5. e4 d6 6. h3 e5 7. dxe5 dxe5 8. Qxd8
Rxd8 9. Bg5 Nbd7 10. O-O-O Rf8 11. Be3 c6 12. c5 a5 13. Nd2 Ne8 14. Nc4 Bf6 15.
Na4 Be7 16. Be2 Ndf6 17. Nab6 Rb8 18. Nxc8 Rxc8 19. f3 Ng7 20. Nxa5 Ne6 21.
Nxb7 Ra8 22. a3 Rfb8 23. Nd6 Ra5 24. Nc4 Ra4 25. b4 Nh5 26. Bd3 Nhf4 27. Bc2
Ra6 28. Rd2 Bg5 29. h4 Bf6 30. g3 Nh5 31. Rg1 Bg7 32. Bb3 Nf6 33. Kb2 Rba8 34.
Nb6 Re8 35. Rgd1 Nd4 36. Bxd4 exd4 37. Nc4 Ra7 38. e5 Nd7 39. f4 Nf8 40. Rxd4
h6 41. Rd8 Ree7 42. Nb6 Kh7 43. Nc8 1-0

[Event "DEM U14 2009"]
[Site "Willingen GER"]
[Date "2009.06.02"]
[Round "5"]
[White "Stenzel, Jan"]
[Black "Neumair, Jerome"]
[Result "0-1"]
[Termination "normal"]
[Board "10"]
[WhiteElo "1677"]
[BlackElo "1988"]
[PlyCount "88"]
[WhiteFideId "12900052"]
[BlackFideId "24672637"]
[EventCountry "GER"]
[EventRounds "9"]
[EventType "swiss"]
[EventDate "2009.05.30"]

1. e4 e6 2. d4 d5 3. Nc3 Bb4 4. Bd2 Ne7 5. Bd3 Nbc6 6. Qg4 dxe4 7. Bxe4 Qxd4 8.
Nf3 Ne5 9. Qg3 Nxf3+ 10. Qxf3 c6 11. O-O-O Qf6 12. Qd3 Nd5 13. Bxd5 exd5 14.
Rhe1+ Be6 15. Kb1 Be7 16. Be3 Qg6 17. Qf1 O-O 18. f4 Bf6 19. Ne2 Bf5 20. Rd2
Rfe8 21. Ng3 h6 22. Nxf5 Qxf5 23. h3 Qe4 24. a3 d4 25. Bf2 Qxf4 26. Rxe8+ Rxe8
27. Qd3 c5 28. Re2 Rxe2 29. Qxe2 Qe5 30. Qb5 b6 31. Ka2 g6 32. Kb3 Qd5+ 33. Ka4
Qxg2 34. Qe8+ Kg7 35. Qe2 Qxh3 36. Be1 Qd7+ 37. Kb3 Qd5+ 38. Ka4 c4 39. b4 b5+
40. Ka5 Bd8+ 41. Ka6 Qc6+ 42. Kxa7 Qb6+ 43. Ka8 Bc7 44. Qe8 Qa6# 0-1

[Event "DEM U14 2009"]
[Site "Willingen GER"]
[Date "2009.06.02"]
[Round "5"]
[White "Grewenig, Jan"]
[Black "Gubela, Hans-Erich Constantin"]
[Result "1-0"]
[Termination "normal"]
[Board "11"]
[WhiteElo "1882"]
[BlackElo "1736"]
[PlyCount "69"]
[WhiteFideId "4657330"]
[BlackFideId "24692140"]
[EventCountry "GER"]
[EventRounds "9"]
[EventType "swiss"]
[EventDate "2009.05.30"]

1. e4 e5 2. Nf3 Nc6 3. d4 exd4 4. Nxd4 Bc5 5. Nxc6 Qf6 6. Qd2 dxc6 7. Bd3 Ne7
8. Nc3 Bd4 9. O-O Ng6 10. Ne2 Bc5 11. Rb1 a5 12. b3 Bd7 13. Bb2 Qe7 14. Ng3
O-O-O 15. Qxa5 Kb8 16. Bxg7 Rhg8 17. Qc3 Bb4 18. Qb2 Qc5 19. Bd4 Qf8 20. a3 Bd6
21. Qc3 h5 22. Nxh5 Qh6 23. Qa5 b6 24. Bxb6 cxb6 25. Qxb6+ Ka8 26. Ba6 Rb8 27.
Qa5 Rb7 28. Bxb7+ Kxb7 29. Rbd1 Ne5 30. f4 Ng4 31. Rf3 Bc8 32. Rd4 Ne5 33. fxe5
Qc1+ 34. Kf2 Qxc2+ 35. Qd2 1-0

[Event "DEM U14 2009"]
[Site "Willingen GER"]
[Date "2009.06.02"]
[Round "5"]
[White "Collmer, Dominik"]
[Black "Rührmund, Daniel"]
[Result "1-0"]
[Termination "normal"]
[Board "12"]
[WhiteElo "1734"]
[BlackElo "1879"]
[PlyCount "123"]
[WhiteFideId "4620763"]
[BlackFideId "24674583"]
[EventCountry "GER"]
[EventRounds "9"]
[EventType "swiss"]
[EventDate "2009.05.30"]

1. e4 c5 2. Nf3 e6 3. d4 cxd4 4. Nxd4 a6 5. Nc3 Qc7 6. Be2 b5 7. O-O Bb7 8. Bf3
d6 9. Re1 Nd7 10. g3 Ngf6 11. Bg2 Be7 12. a4 b4 13. Na2 O-O 14. Nxb4 d5 15.
Nxd5 exd5 16. Nf5 Bc5 17. exd5 Qb6 18. Be3 Rfe8 19. Bxc5 Qxc5 20. Rxe8+ Rxe8
21. b4 Qb6 22. c4 g6 23. Ne3 Ba8 24. Rb1 Ne4 25. Bxe4 Rxe4 26. c5 Qb8 27. c6
Ne5 28. b5 axb5 29. axb5 Qb6 30. Ra1 Bb7 31. cxb7 Qxb7 32. Qc2 Rxe3 33. fxe3
Qxd5 34. Rc1 Qxb5 35. Qc5 Qb2 36. Qc8+ Kg7 37. Qc3 Qxc3 38. Rxc3 Kf6 39. h3 h5
40. Kf2 Kf5 41. Ra3 f6 42. Ra6 g5 43. Ra5 Ke4 44. Ra4+ Kf5 45. e4+ Kg6 46. Ra6
Nd3+ 47. Ke3 Ne5 48. Kd4 g4 49. h4 Kf7 50. Ra7+ Kg6 51. Kd5 Nf3 52. Ra6 Kf7 53.
Ra7+ Kg6 54. Re7 Nd2 55. Rc7 Nf1 56. Rc3 Nd2 57. Rd3 Nf3 58. Ke6 Ne5 59. Rc3
Nf3 60. Rd3 Ne5 61. Rd5 Nf3 62. Rd8 1-0

[Event "DEM U14 2009"]
[Site "Willingen GER"]
[Date "2009.06.02"]
[Round "5"]
[White "Pältz, Sebastian"]
[Black "Göbel, Constantin"]
[Result "1/2-1/2"]
[Termination "normal"]
[Board "13"]
[WhiteElo "1830"]
[BlackElo "1885"]
[PlyCount "49"]
[WhiteFideId "24648027"]
[BlackFideId "24647071"]
[EventCountry "GER"]
[EventRounds "9"]
[EventType "swiss"]
[EventDate "2009.05.30"]

1. e4 c5 2. c3 e6 3. d4 d5 4. exd5 exd5 5. Nf3 Nc6 6. Be2 Nf6 7. O-O Bd6 8. Be3
cxd4 9. cxd4 O-O 10. Nc3 Bf5 11. Bg5 Be7 12. Ne5 Ne4 13. Bxe7 Nxe7 14. Nxe4
Bxe4 15. Qa4 Nc8 16. Rac1 Nb6 17. Qb3 Qg5 18. f3 Qd2 19. Rfd1 Qxe2 20. Re1 Qd2
21. Red1 Qf4 22. fxe4 Qxe4 23. Rc7 Rac8 24. Rxb7 Rc2 25. Qg3 1/2-1/2

[Event "DEM U14 2009"]
[Site "Willingen GER"]
[Date "2009.06.02"]
[Round "5"]
[White "Stövesand, Peter"]
[Black "Kügel, Tobias"]
[Result "0-1"]
[Termination "normal"]
[Board "14"]
[WhiteElo "1687"]
[BlackElo "1918"]
[PlyCount "42"]
[WhiteFideId "1270624"]
[BlackFideId "4636295"]
[EventCountry "GER"]
[EventRounds "9"]
[EventType "swiss"]
[EventDate "2009.05.30"]

1. e4 e5 2. Nf3 Nf6 3. Nxe5 d6 4. Nf3 Nxe4 5. Bc4 d5 6. Bb3 Be7 7. d4 O-O 8.
O-O c6 9. Bf4 Bd6 10. Bxd6 Qxd6 11. c4 Bg4 12. Re1 Nd7 13. Re3 Ndf6 14. c5 Qf4
15. Bc2 Rae8 16. Qe1 Nxf2 17. Ne5 Qxd4 18. Qxf2 Rxe5 19. Rxe5 Qxe5 20. Nc3 Re8
21. h3 d4 0-1

[Event "DEM U14 2009"]
[Site "Willingen GER"]
[Date "2009.06.03"]
[Round "6"]
[White "Friedrich, Wiede"]
[Black "Mons, Leon"]
[Result "1-0"]
[Termination "normal"]
[Board "1"]
[WhiteElo "2028"]
[BlackElo "2134"]
[PlyCount "57"]
[WhiteFideId "24629537"]
[BlackFideId "4614950"]
[EventCountry "GER"]
[EventRounds "9"]
[EventType "swiss"]
[EventDate "2009.05.30"]

1. e4 g6 2. d4 Bg7 3. Nf3 d6 4. c4 Nf6 5. Nc3 O-O 6. Be2 Bg4 7. O-O Na6 8. Bg5
c5 9. d5 h6 10. Be3 Nc7 11. h3 Bxf3 12. Bxf3 Nd7 13. Be2 e6 14. dxe6 Nxe6 15.
Qxd6 Nd4 16. Bxd4 cxd4 17. Nd5 Re8 18. Bd3 Ne5 19. Qa3 Rc8 20. Rac1 g5 21. Be2
Rc6 22. Rfd1 Nd7 23. Bd3 Ra6 24. Qb4 Bf8 25. Qb5 Kg7 26. b4 Rxa2 27. Qxb7 Ne5
28. Bb1 Rb2 29. Qxa7 1-0

[Event "DEM U14 2009"]
[Site "Willingen GER"]
[Date "2009.06.03"]
[Round "6"]
[White "Kaphle, Sebastian"]
[Black "Klek, Hanna Marie"]
[Result "1/2-1/2"]
[Termination "normal"]
[Board "2"]
[WhiteElo "2120"]
[BlackElo "1992"]
[PlyCount "62"]
[WhiteFideId "24626708"]
[BlackFideId "24670057"]
[EventCountry "GER"]
[EventRounds "9"]
[EventType "swiss"]
[EventDate "2009.05.30"]

1. e4 c5 2. Nf3 d6 3. d4 cxd4 4. Nxd4 Nf6 5. Nc3 a6 6. Be3 e5 7. Nf3 Qc7 8. Be2
Be7 9. O-O O-O 10. a4 Be6 11. Bg5 Nbd7 12. Nh4 h6 13. Bxf6 Nxf6 14. Nf5 Rfd8
15. Ne3 Rac8 16. Bf3 Qb6 17. Rb1 Bf8 18. Qe2 Qb4 19. Rfd1 Rc5 20. Qd2 Bd7 21.
Ncd5 Nxd5 22. Nxd5 Qxd2 23. Rxd2 Bxa4 24. Ne3 Bd7 25. c4 g6 26. b3 Be6 27. Bg4
Be7 28. Rbd1 Kg7 29. g3 Rf8 30. Bxe6 fxe6 31. h4 Rc7 1/2-1/2

[Event "DEM U14 2009"]
[Site "Willingen GER"]
[Date "2009.06.03"]
[Round "6"]
[White "Hampel, Felix"]
[Black "Miller, Eduard"]
[Result "1-0"]
[Termination "normal"]
[Board "3"]
[WhiteElo "1976"]
[BlackElo "1783"]
[PlyCount "79"]
[WhiteFideId "24668125"]
[BlackFideId "24687022"]
[EventCountry "GER"]
[EventRounds "9"]
[EventType "swiss"]
[EventDate "2009.05.30"]

1. e4 e5 2. Nf3 Nc6 3. Bb5 f5 4. d3 Nf6 5. exf5 d6 6. O-O Be7 7. Nc3 Bxf5 8. d4
e4 9. Nh4 Bg4 10. f3 exf3 11. Nxf3 O-O 12. Qd3 Nb4 13. Qe2 c6 14. Ba4 Kh8 15.
Bg5 Nbd5 16. Nxd5 Nxd5 17. Bxe7 Nxe7 18. Rae1 Ng6 19. h3 Bf5 20. Bb3 d5 21. Qe3
Qd6 22. Ne5 Kg8 23. Qg5 h6 24. Qh5 Nxe5 25. Rxe5 Bg6 26. Qg4 Rxf1+ 27. Kxf1
Rf8+ 28. Kg1 Qf6 29. Qe6+ Qxe6 30. Rxe6 Rf6 31. Rxf6 gxf6 32. Kf2 Kf7 33. Ke3
Ke6 34. Kf4 Be4 35. g3 f5 36. c3 b6 37. Bd1 Kf6 38. Be2 Ke6 39. Ba6 Kd6 40. Bc8
1-0

[Event "DEM U14 2009"]
[Site "Willingen GER"]
[Date "2009.06.03"]
[Round "6"]
[White "Powierski, Emil"]
[Black "Carow, Johannes"]
[Result "1-0"]
[Termination "normal"]
[Board "4"]
[WhiteElo "1857"]
[BlackElo "1805"]
[PlyCount "65"]
[WhiteFideId "4656199"]
[BlackFideId "24692050"]
[EventCountry "GER"]
[EventRounds "9"]
[EventType "swiss"]
[EventDate "2009.05.30"]

1. e4 c5 2. Nf3 Nc6 3. d4 cxd4 4. Nxd4 Nf6 5. Nc3 e5 6. Ndb5 d6 7. Bg5 a6 8.
Na3 b5 9. Nd5 Be7 10. Bxf6 Bxf6 11. c3 Ne7 12. Nxf6+ gxf6 13. Bd3 d5 14. Qe2
Bb7 15. O-O-O Qb6 16. Nc2 f5 17. f3 dxe4 18. fxe4 f4 19. Kb1 Bc6 20. Nb4 Rb8
21. Nd5 Bxd5 22. exd5 Qd6 23. Rhe1 f6 24. Qh5+ Kd8 25. Qf7 h5 26. g3 fxg3 27.
Rf1 Rb6 28. hxg3 Rg8 29. Rh1 Rxg3 30. Rxh5 a5 31. Rh8+ Kc7 32. Re8 Kd7 33. Bf5+
1-0

[Event "DEM U14 2009"]
[Site "Willingen GER"]
[Date "2009.06.03"]
[Round "6"]
[White "Kyas, Philipp"]
[Black "Pauly, Carlo"]
[Result "1/2-1/2"]
[Termination "normal"]
[Board "5"]
[WhiteElo "1921"]
[BlackElo "2025"]
[PlyCount "60"]
[WhiteFideId "24670936"]
[BlackFideId "24673269"]
[EventCountry "GER"]
[EventRounds "9"]
[EventType "swiss"]
[EventDate "2009.05.30"]

1. e4 c5 2. Nf3 d6 3. d4 cxd4 4. Nxd4 Nf6 5. Nc3 a6 6. Be3 e6 7. f3 Qc7 8. Qd2
b5 9. a4 b4 10. Na2 d5 11. Bd3 Bb7 12. e5 Qxe5 13. O-O Bc5 14. Kh1 Nc6 15. Bf4
Qxd4 16. c3 bxc3 17. bxc3 Bb4 18. Nxb4 Qc5 19. Be3 d4 20. Bxd4 Nxd4 21. cxd4
Qd6 22. Nc2 O-O 23. Rfb1 Rab8 24. a5 Nd5 25. Ne3 Nxe3 26. Qxe3 Bd5 27. Qe5
Rxb1+ 28. Rxb1 Qa3 29. Bxa6 Qxa5 30. Bd3 Qa2 1/2-1/2

[Event "DEM U14 2009"]
[Site "Willingen GER"]
[Date "2009.06.03"]
[Round "6"]
[White "Schreiner, Till"]
[Black "Davydov, Ruven"]
[Result "1/2-1/2"]
[Termination "normal"]
[Board "6"]
[WhiteElo "2082"]
[BlackElo "1914"]
[PlyCount "82"]
[WhiteFideId "24675555"]
[BlackFideId "24666068"]
[EventCountry "GER"]
[EventRounds "9"]
[EventType "swiss"]
[EventDate "2009.05.30"]

1. d4 d5 2. c4 e6 3. Nc3 Nf6 4. cxd5 exd5 5. Bg5 Be7 6. e3 Nbd7 7. Bd3 O-O 8.
Qc2 Re8 9. Nf3 Nf8 10. O-O c6 11. h3 Bd6 12. Rfe1 Bd7 13. e4 dxe4 14. Nxe4 Be7
15. Ne5 Nd5 16. Bxe7 Rxe7 17. Bc4 Be6 18. Qb3 Nb6 19. Bxe6 Nxe6 20. Nxf7 Nxd4
21. Nxd8+ Nxb3 22. axb3 Rxd8 23. Rxa7 Rde8 24. f3 Nd5 25. Rd1 Nf6 26. Nxf6+
gxf6 27. Kf2 Re2+ 28. Kg3 R8e7 29. Rd8+ Kf7 30. Rb8 b5 31. Ra6 R7e6 32. Rb7+
Kg6 33. Raa7 h6 34. Kf4 Kh5 35. g3 Rd6 36. Rd7 Rxd7 37. Rxd7 Kg6 38. h4 h5 39.
g4 Rxb2 40. Rd3 b4 41. Rd6 Rxb3 1/2-1/2

[Event "DEM U14 2009"]
[Site "Willingen GER"]
[Date "2009.06.03"]
[Round "6"]
[White "Neumair, Jerome"]
[Black "Marquardt, Patrick"]
[Result "1-0"]
[Termination "normal"]
[Board "7"]
[WhiteElo "1988"]
[BlackElo "1986"]
[PlyCount "103"]
[WhiteFideId "24672637"]
[BlackFideId "4670086"]
[EventCountry "GER"]
[EventRounds "9"]
[EventType "swiss"]
[EventDate "2009.05.30"]

1. d4 d5 2. c4 e6 3. Nc3 c5 4. cxd5 exd5 5. Nf3 Nc6 6. g3 Nf6 7. Bg2 Be7 8. O-O
O-O 9. dxc5 Bxc5 10. Bg5 d4 11. Bxf6 Qxf6 12. Nd5 Qd8 13. Nd2 Re8 14. Nb3 Bb6
15. Re1 Bg4 16. Rc1 Rc8 17. Qd2 Be6 18. Nxb6 Qxb6 19. Bxc6 bxc6 20. Qxd4 Bxb3
21. Qxb6 axb6 22. axb3 c5 23. e3 Red8 24. Red1 h5 25. Kf1 g6 26. Ke2 Kg7 27.
Rxd8 Rxd8 28. b4 cxb4 29. Rc6 Rb8 30. Kd3 Rd8+ 31. Kc2 Rb8 32. Kb3 Rd8 33. Rc2
Rd6 34. Kxb4 Kf6 35. Kb5 Ke5 36. b4 Ke4 37. Rc4+ Kf5 38. e4+ Kg5 39. h4+ Kh6
40. e5 Rd5+ 41. Kxb6 Rxe5 42. b5 Re2 43. Rf4 Kg7 44. Kb7 Rc2 45. b6 Rb2 46. Kc7
Rc2+ 47. Kb8 Rb2 48. b7 Rc2 49. Ka7 Ra2+ 50. Kb6 Rb2+ 51. Kc6 Rc2+ 52. Kb5 1-0

[Event "DEM U14 2009"]
[Site "Willingen GER"]
[Date "2009.06.03"]
[Round "6"]
[White "Müller, Alexander"]
[Black "Mundorf, Johannes"]
[Result "0-1"]
[Termination "normal"]
[Board "8"]
[WhiteElo "1961"]
[BlackElo "1688"]
[PlyCount "66"]
[WhiteFideId "4624696"]
[BlackFideId "24672491"]
[EventCountry "GER"]
[EventRounds "9"]
[EventType "swiss"]
[EventDate "2009.05.30"]

1. e4 e6 2. d4 d5 3. Nd2 dxe4 4. Nxe4 Nd7 5. Bd3 Ngf6 6. Qe2 c5 7. Be3 Nxe4 8.
Bxe4 Nf6 9. Qd3 c4 10. Qxc4 Nxe4 11. Nf3 Be7 12. O-O O-O 13. Rad1 Nf6 14. Ne5
Bd7 15. Qd3 Nd5 16. c4 Nxe3 17. fxe3 f6 18. Nf3 Be8 19. Qe4 Qd7 20. Qd3 Bf7 21.
e4 e5 22. d5 Bc5+ 23. Kh1 Qg4 24. a3 a5 25. Rfe1 Kh8 26. Qe2 Be8 27. d6 Bc6 28.
Rd3 Rad8 29. h3 Qf4 30. g3 Qh6 31. Kg2 f5 32. Nd2 fxe4 33. Nxe4 Bxe4+ 0-1

[Event "DEM U14 2009"]
[Site "Willingen GER"]
[Date "2009.06.03"]
[Round "6"]
[White "Möhn, Hans"]
[Black "Grewenig, Jan"]
[Result "1/2-1/2"]
[Termination "normal"]
[Board "9"]
[WhiteElo "1953"]
[BlackElo "1882"]
[PlyCount "80"]
[WhiteFideId "24647837"]
[BlackFideId "4657330"]
[EventCountry "GER"]
[EventRounds "9"]
[EventType "swiss"]
[EventDate "2009.05.30"]

1. e4 c5 2. Nf3 d6 3. d4 cxd4 4. Nxd4 Nf6 5. Nc3 a6 6. Be3 e5 7. Nb3 Be6 8. f3
Be7 9. Qd2 O-O 10. O-O-O Nbd7 11. g4 b5 12. g5 Ne8 13. Kb1 b4 14. Ne2 a5 15. f4
a4 16. f5 axb3 17. fxe6 bxc2+ 18. Qxc2 fxe6 19. Qb3 Nc7 20. Bh3 Rf3 21. Bg4 Nc5
22. Bxc5 Rxb3 23. axb3 Ra5 24. Bb6 Ra1+ 25. Kxa1 Qa8+ 26. Ba5 Qxa5+ 27. Kb1 Qb6
28. Rd3 Bxg5 29. Rf1 d5 30. Bf3 Qc6 31. Bh1 g6 32. Rfd1 d4 33. Nc1 Nb5 34. Na2
Qc5 35. Bf3 Nc3+ 36. bxc3 bxc3 37. Kc2 Qa3 38. Nxc3 dxc3 39. Rxc3 Qa2+ 40. Kd3
Qb2 1/2-1/2

[Event "DEM U14 2009"]
[Site "Willingen GER"]
[Date "2009.06.03"]
[Round "6"]
[White "Moritz, Aron"]
[Black "Göbel, Constantin"]
[Result "1/2-1/2"]
[Termination "normal"]
[Board "10"]
[WhiteElo "1983"]
[BlackElo "1885"]
[PlyCount "99"]
[WhiteFideId "24672319"]
[BlackFideId "24647071"]
[EventCountry "GER"]
[EventRounds "9"]
[EventType "swiss"]
[EventDate "2009.05.30"]

1. e4 c5 2. Nf3 Nc6 3. d4 cxd4 4. Nxd4 e5 5. Nb5 d6 6. c4 Be6 7. N1c3 a6 8. Na3
Be7 9. Nc2 Rc8 10. b3 Nf6 11. Be2 O-O 12. O-O Nd7 13. Ba3 Ndb8 14. Qd2 Qc7 15.
Rfd1 Rfd8 16. Rac1 h6 17. g3 Qb6 18. Kg2 Nd7 19. Na4 Qa7 20. f4 Nf6 21. Bf3 b5
22. cxb5 axb5 23. Nc3 Rb8 24. Nd5 b4 25. Bxb4 Qxa2 26. Rb1 Bxd5 27. Ra1 Qxb3
28. Rdb1 Nxe4 29. Qe2 Qc4 30. Qxc4 Bxc4 31. Bxe4 Nxb4 32. Nxb4 d5 33. Nc6 Rxb1
34. Bxb1 Kf8 35. Nxd8 Bxd8 36. fxe5 Ke7 37. Bf5 Bb6 38. Rb1 Bc7 39. Rb7 Kd8 40.
e6 fxe6 41. Bxe6 Be5 42. Kf3 Bf6 43. g4 Ke8 44. Kg3 Be5+ 45. Kg2 Bf6 46. Kh3
Bf1+ 47. Kg3 Bc4 48. h4 Be5+ 49. Kf3 Bf6 50. Kg3 1/2-1/2

[Event "DEM U14 2009"]
[Site "Willingen GER"]
[Date "2009.06.03"]
[Round "6"]
[White "Collmer, Dominik"]
[Black "Pältz, Sebastian"]
[Result "0-1"]
[Termination "normal"]
[Board "11"]
[WhiteElo "1734"]
[BlackElo "1830"]
[PlyCount "58"]
[WhiteFideId "4620763"]
[BlackFideId "24648027"]
[EventCountry "GER"]
[EventRounds "9"]
[EventType "swiss"]
[EventDate "2009.05.30"]

1. e4 e5 2. Nf3 Nc6 3. Bb5 a6 4. Ba4 Nf6 5. O-O b5 6. Bb3 Be7 7. Re1 O-O 8. c3
d5 9. exd5 Nxd5 10. Nxe5 Nxe5 11. Rxe5 c6 12. Bxd5 cxd5 13. Qf3 Bd6 14. Re1 Qh4
15. h3 Be6 16. d4 g5 17. Qf6 h6 18. Rxe6 fxe6 19. Qxe6+ Kh7 20. Qd7+ Kg6 21.
Qxd6+ Rf6 22. Qg3 Qxg3 23. fxg3 Re8 24. Nd2 Re1+ 25. Kh2 Rf2 26. Nb3 h5 27. g4
h4 28. a4 Rff1 29. g3 Re2# 0-1

[Event "DEM U14 2009"]
[Site "Willingen GER"]
[Date "2009.06.03"]
[Round "6"]
[White "Gubela, Hans-Erich Constantin"]
[Black "Sarchisov, Slavik"]
[Result "0-1"]
[Termination "normal"]
[Board "12"]
[WhiteElo "1736"]
[BlackElo "2058"]
[PlyCount "66"]
[WhiteFideId "24692140"]
[BlackFideId "24647888"]
[EventCountry "GER"]
[EventRounds "9"]
[EventType "swiss"]
[EventDate "2009.05.30"]

1. e4 c5 2. Nf3 d6 3. d4 cxd4 4. Nxd4 Nf6 5. f3 e5 6. Nb3 Be6 7. c4 Nc6 8. Nc3
Be7 9. Be3 O-O 10. Be2 Nd7 11. O-O a5 12. Na4 b6 13. Nd2 Nc5 14. Nb1 f5 15.
Nbc3 Kh8 16. Nd5 Rb8 17. a3 Bd7 18. Nac3 Bg5 19. Bf2 Bh4 20. Bxh4 Qxh4 21. b4
Ne6 22. Nb5 fxe4 23. fxe4 Rxf1+ 24. Bxf1 Ncd4 25. Nxd6 Ng5 26. Bd3 Bg4 27. Qc1
Rf8 28. Nf5 Bxf5 29. exf5 e4 30. Qe3 Nxf5 31. Qxb6 exd3 32. Rf1 d2 33. Qc5 Ne6
0-1

[Event "DEM U14 2009"]
[Site "Willingen GER"]
[Date "2009.06.03"]
[Round "6"]
[White "Kügel, Tobias"]
[Black "Stenzel, Jan"]
[Result "1-0"]
[Termination "normal"]
[Board "13"]
[WhiteElo "1918"]
[BlackElo "1677"]
[PlyCount "101"]
[WhiteFideId "4636295"]
[BlackFideId "12900052"]
[EventCountry "GER"]
[EventRounds "9"]
[EventType "swiss"]
[EventDate "2009.05.30"]

1. e4 c5 2. Nf3 d6 3. d4 cxd4 4. Qxd4 a6 5. Bg5 Nf6 6. Nc3 Nc6 7. Qd2 e6 8.
O-O-O Bd7 9. Bxf6 gxf6 10. Nd4 h5 11. Kb1 Qc7 12. Nxc6 Bxc6 13. Qd4 Be7 14. Be2
O-O-O 15. f4 Rdg8 16. Bf3 Qa5 17. Qd2 f5 18. Nd5 Qxd2 19. Nxe7+ Kd7 20. Rxd2
Kxe7 21. exf5 Bxf3 22. gxf3 exf5 23. Re1+ Kd7 24. Rd5 Re8 25. Red1 Re2 26.
Rxd6+ Kc8 27. R6d2 Re3 28. Rf2 Rhe8 29. Kc1 Kc7 30. Rd5 Rd8 31. Rxd8 Kxd8 32.
Kd2 Re6 33. Re2 Rd6+ 34. Ke3 Kc7 35. Rd2 Re6+ 36. Kf2 Kc6 37. Kg3 Rh6 38. Kh4
f6 39. Rd8 b5 40. b4 Rg6 41. Rd2 Rg1 42. Kxh5 Rf1 43. Kg6 Rxf3 44. Kxf5 Ra3 45.
h4 Rxa2 46. h5 Ra3 47. Rh2 Rg3 48. h6 Rg8 49. h7 Rh8 50. Kxf6 Kd5 51. Kg7 1-0

[Event "DEM U14 2009"]
[Site "Willingen GER"]
[Date "2009.06.03"]
[Round "6"]
[White "Rührmund, Daniel"]
[Black "Stövesand, Peter"]
[Result "1-0"]
[Termination "normal"]
[Board "14"]
[WhiteElo "1879"]
[BlackElo "1687"]
[PlyCount "109"]
[WhiteFideId "24674583"]
[BlackFideId "1270624"]
[EventCountry "GER"]
[EventRounds "9"]
[EventType "swiss"]
[EventDate "2009.05.30"]

1. e4 e5 2. Nf3 Nc6 3. Bb5 a6 4. Ba4 Nf6 5. O-O b5 6. Bb3 Be7 7. Re1 O-O 8. h3
d6 9. c3 Na5 10. Bc2 c5 11. d4 Qc7 12. d5 Bd7 13. b3 Nb7 14. Nbd2 a5 15. c4
bxc4 16. bxc4 Ne8 17. Nf1 f5 18. exf5 Bxf5 19. Ng3 Bxc2 20. Qxc2 Qd7 21. Ng5
Bxg5 22. Bxg5 Nf6 23. Rab1 Rf7 24. Rb6 h6 25. Be3 Raf8 26. Reb1 Qc8 27. Qb2 Nd8
28. Rxd6 Rb7 29. Rb6 Rff7 30. Qa3 Nd7 31. Rxb7 Nxb7 32. Ne4 Qc7 33. Rb5 Nb6 34.
Qc3 Nd7 35. Qb3 Nd6 36. Nxd6 Qxd6 37. Rxa5 Qf6 38. Ra8+ Kh7 39. Qd3+ g6 40. Qd2
Nb6 41. Ra6 Qd8 42. Qa5 Rb7 43. Bxc5 Qg5 44. Be3 Nxc4 45. Bxg5 Nxa5 46. Bxh6
Nc4 47. Bg5 Rd7 48. Rc6 Na5 49. Rc5 Nb7 50. Rc2 Nd6 51. Bc1 Ne4 52. f3 Nf6 53.
Rd2 Nxd5 54. Bb2 Rb7 55. Bxe5 1-0